| 000 | 00436nab a2200145Ia 4500 | ||
|---|---|---|---|
| 003 | ES-SlBCS | ||
| 005 | 20210601124257.0 | ||
| 008 | 140529s1950 xxu||||| |||| 00| 0 eng d | ||
| 041 | _aeng | ||
| 100 | 1 |
_aRover, Dominic _9138956 |
|
| 245 | 0 | 4 |
_aThe Assumption and the Our Sanctification _c Dominic Rover |
| 650 | 0 | 4 |
_aAsunción-Santificación _9138957 |
| 773 | 0 |
_tDominicana _gvol. 35, nº. 4, 1950, págs. 245-253 _wRev1398 |
|
| 942 | _cAR | ||
| 999 |
_c512169 _d512169 |
||